Compassion : the culture and politics of an emotion
Αποθηκεύτηκε σε:
| Άλλοι συγγραφείς: | |
|---|---|
| Μορφή: | Βιβλίο |
| Γλώσσα: | English |
| Δημοσίευση: |
New York :
Routledge,
2004
|
| Σειρά: | Essays from the English Institute
|
| Θέματα: | |
| Ετικέτες: |
Προσθήκη ετικέτας
Δεν υπάρχουν, Καταχωρήστε ετικέτα πρώτοι!
|
MARC
| LEADER | 00000nam a2200000 i 4500 | ||
|---|---|---|---|
| 001 | 1/70746 | ||
| 008 | 080116s2004 eng d | ||
| 020 | |a 0-415-97052-0 (pbk.) | ||
| 035 | |l 10093757 | ||
| 040 | |a GR-MY-UA |b gre |e aacr | ||
| 041 | 0 | |a eng | |
| 082 | 0 | |a 177.7 |2 (22) | |
| 245 | 1 | 0 | |a Compassion : |b the culture and politics of an emotion / |c edited by Lauren Berlant |
| 260 | |a New York : |b Routledge, |c 2004 | ||
| 300 | |a vi, 247 σ.; |b εικ.; |c 24 εκ. | ||
| 490 | 1 | |a Essays from the English Institute | |
| 504 | |a Περιέχει βιβλιογραφικές παραπομπές | ||
| 650 | 0 | 0 | |a Compassion. |
| 650 | 0 | 0 | |a Compassion in literature. |
| 700 | 1 | |a Berlant, Lauren Gail |d 1957- |4 edt | |
| 830 | 0 | |a Essays from the English Institute | |
| 852 | |a INST |b LESVOS |e 20080116 |h 177.7 COM |p 005100040333 |q 005100040333 |t BK |y 0 | ||
| 901 | |a BIBL1-2008-1 | ||
| 909 | |a Λ |b 142799 | ||
| 922 | |a 1ΕΛΗ |b 200712 |c ΕΠΕΑΕΚ2/ΤΚΑ |d ΕΛΕΥΘΕΡΟΥΔΑΚΗΣ | ||
| 970 | |a ΚΑΡΑ |b ΓΙΑΣΕΜΗ |z 2008/01/16 | ||